Produção e aporte de carbono, nitrogênio e fósforo na serapilheira foliar do Parque Nacional Serra de Itabaiana (Registro n. 259813)
[ somente texto ]
| 000 -LÍDER | |
|---|---|
| fixed length control field | 04495nab a2200325 i 4500 |
| 003 - CÓDIGO MARC DA AGÊNCIA CATALOGADORA | |
| Campo de controle | BR-BrBNA |
| 005 - DATA E HORA DA ÚLTIMA ATUALIZAÇÃO | |
| Campo de controle | 20231205135453.0 |
| 008 - CAMPO DE TAMANHO FIXO | |
| fixed length control field | 231205b2018 bl.qr|pooa||| 00| 0 por | |
| 040 ## - FONTE DA CATALOGAÇÃO | |
| Agência catalogadora | BR-BrBNA |
| Idioma da catalogação | por |
| 072 ## - CATEGORIA AGRIS | |
| Código AGRIS | P34 |
| 100 ## - ENTRADA PRINCIPAL - NOME PESSOAL | |
| Nome pessoal | Nascimento, Audenis Fagner de Jesus |
| 100 ## - ENTRADA PRINCIPAL - NOME PESSOAL | |
| Nome pessoal | Silva, Tácio de Oliveira da |
| 100 ## - ENTRADA PRINCIPAL - NOME PESSOAL | |
| Nome pessoal | Araújo Filho, Renisson Neponuceno |
| 100 ## - ENTRADA PRINCIPAL - NOME PESSOAL | |
| Nome pessoal | Sampaio, Everardo Valadares de Sá Barretto |
| 100 ## - ENTRADA PRINCIPAL - NOME PESSOAL | |
| Nome pessoal | Pedrotti, Alceu |
| 100 ## - ENTRADA PRINCIPAL - NOME PESSOAL | |
| Nome pessoal | Gonzaga, Maria Isidória Silva |
| 100 ## - ENTRADA PRINCIPAL - NOME PESSOAL | |
| Nome pessoal | Piscoya, Victor Casimiro |
| 245 ## - TÍTULO PRINCIPAL | |
| Título principal | Produção e aporte de carbono, nitrogênio e fósforo na serapilheira foliar do Parque Nacional Serra de Itabaiana |
| 500 ## - NOTA GERAL | |
| Nota geral | Publicação on-line; 34 ref.; 9 tables; 1 illus.; Summaries (En, Pt) |
| 942 ## - ADDED ENTRY ELEMENTS (KOHA) | |
| Koha item type | |
| 520 ## - NOTA DE RESUMO | |
| Nota de conteúdo | <br/><br/>RESUMO<br/>A serapilheira é uma das principais vias de retorno de nutrientes no sistema planta-solo-planta e sua<br/>determinação permite analisar a reestruturação de ambientes florestais antropizados. O conhecimento da<br/>produção da serapilheira é fundamental para determinar o potencial de regeneração de uma área por meio<br/>do aporte e ciclagem dos nutrientes. Objetivou-se neste estudo quantificar a produção de serapilheira e o<br/>aporte de carbono e dos nutrientes da fração foliar em áreas de ocorrência de Neossolos Quartzarênicos,<br/>com vegetação em diferentes estágios de regeneração, no Parque Nacional Serra de Itabaiana, em Sergipe.<br/>Em cada uma das áreas de Areias Brancas Abertas (ABA), Areias Brancas Intermediárias (ABI) e Areias<br/>Brancas Fechadas (ABF) instalaram-se coletores nos quais a serapilheira foi coletada mensalmente, de<br/>janeiro a dezembro de 2011. Em subamostras da serapilheira foram determinadas as quantidades de carbono<br/>(C), nitrogênio (N) e fósforo (P). Com a ação do fogo nas áreas de Areias Brancas do Parque da Serra de<br/>Itabaiana, ficou evidente que o mesmo altera o estado de equilíbrio dinâmico alcançado pelo ecossistema,<br/>logo, as condições nutricionais do solo são modificadas. Os acúmulos de C, N e P não apresentaram variação<br/>sazonal significativa, de acordo com a produção da serapilheira em cada área estudada, sendo que a área<br/>ABF proporcionou os maiores acúmulos destes elementos ao longo do período de avaliação.<br/><br/>Palavras-chave: Mata Atlântica; perturbação antrópica; matéria orgânica; processo de regeneração. |
| 520 ## - NOTA DE RESUMO | |
| Nota de conteúdo | <br/><br/>ABSTRACT<br/>Litter is a major route of return of nutrients in the system plant–soil -plant and its determination allows<br/>to analyze the restructuring of anthropogenic forest environments. Knowledge of litter production is a<br/>critical in determining the potential for regeneration of an area through the intake and nutrient cycling.<br/>This study aimed to quantify the litter production and the carbon contribution and leaf fraction nutrients<br/>in areas of occurrence of Quartzipsamments with vegetation at different stages of regeneration in National<br/>Park Serra de Itabaiana in Sergipe, state. In each of the areas of Areia Branca Aberta (ABA), Areia Branca<br/>Intermediaria (ABI) and Areia Branca Fechada (ABF), settled collectors where the litter was collected<br/>monthly from January to December 2011. In the litter subsamples amounts of carbon (C), nitrogen (N) and <br/>phosphorus (P) were determined. Along with the action of fire in the areas of Areias Brancas of Serra de<br/>Itabaiana Park, it became clear that it changes the state of dynamic equilibrium achieved by the ecosystem,<br/>so the nutritional soil conditions are modified. The accumulation of C, N and P showed no significant<br/>seasonal variation according to the production of litter in each area studied, and the ABF area provided the<br/>largest accumulations of these elements throughout the evaluation period.<br/><br/>Keywords: Atlantic Forest; anthropogenic disturbance; organic matter; regeneration method. |
| 650 ## - ASSUNTO - THESAGRO | |
| Cabeçalho tópico ou nome geográfico | MATA ATLÂNTICA |
| 650 ## - ASSUNTO - THESAGRO | |
| Cabeçalho tópico ou nome geográfico | MATÉRIA ORGÂNICA |
| 650 ## - ASSUNTO - THESAGRO | |
| Cabeçalho tópico ou nome geográfico | REGENERAÇÃO |
| 650 ## - ASSUNTO - THESAGRO | |
| Cabeçalho tópico ou nome geográfico | SERAPILHEIRA |
| 773 0# - ENTRADA ANALÍTICA | |
| Host Biblionumber | 4065 |
| Registro do item | 198128 |
| Imprenta | Santa Maria-RS Universidade Federal de Santa Maria - Centro de Pesquisas Florestais.Departamento de Ciências Florestais. Programa de Pós-Graduação em Engenharia Florestal 1991 |
| Outro identificador | 2023-437009 |
| Título | Ciência Florestal (Brazil) |
| ISSN | 0103-9954; 1980-5098 (on-line) |
| Colação | v. 27(1) p. 35-46; (jan-Mar 2018) |
| Número de controle de registro | BR2023001420 |
| 856 ## - ACESSO E ENDEREÇO ELETRÔNICO | |
| Identificador uniforme de recurso - URI | https://www.scielo.br/j/cflo/a/tWyhngt5354DpsyMbCDdskk/?format=pdf&lang=pt |
Nenhum exemplar disponível.

BINAGRI